000 00228nam a22000977a 4500
008 170123b xxu||||| |||| 00| 0 eng d
041 _aeng
080 _a618.2
245 _aHEALTH CARE DECISIONS
_cBALLANTINE, H.TH
942 _2udc
_cBK
999 _c3417
_d3417